| 000 | 00876cam a22002531 4500 | ||
|---|---|---|---|
| 001 | 1225352 | ||
| 003 | OSt | ||
| 005 | 20230620155139.0 | ||
| 008 | 711020s1966 nju b 000 0 eng | ||
| 010 | _a 66021834 | ||
| 040 |
_aDLC _cDLC _dDLC |
||
| 050 | 0 | 0 |
_aUA11 _b.K63 |
| 082 | 0 | 0 |
_a327.11 _bKNO |
| 100 | 1 |
_aKnorr, Klaus, _d1911-1990. |
|
| 245 | 1 | 0 |
_aOn the uses of military power in the nuclear age, _cby Klaus Knorr. |
| 260 |
_aPrinceton, N.J. _b[Published for the Princeton Center of International Studies by] Princeton University Press, _c1966. |
||
| 300 |
_ax, 185 p. _c21 cm. |
||
| 504 | _aBibliographical footnotes. | ||
| 650 | 0 | _aMilitary policy. | |
| 650 | 0 | _aNuclear weapons. | |
| 710 | 2 |
_aWoodrow Wilson School of Public and International Affairs. _bCenter of International Studies. |
|
| 906 |
_a7 _bcbc _corignew _du _eocip _f19 _gy-gencatlg |
||
| 942 |
_2ddc _cBK |
||
| 999 |
_c1883 _d1883 |
||